| 000 | 00705nam a2200145 a 4500 | ||
|---|---|---|---|
| 008 | 120823s2009 ||||||||||||||||| || u | ||
| 050 | _aDFID(02) | ||
| 110 | _aBritish Council | ||
| 245 | 1 | 0 |
_aDevelopment Partnerships in Higher Education (DelPHE) _cBy the British Council and the Department for International Development (DFID) |
| 260 |
_aManchester _bDepartment for International Development (DFID) _c2009 |
||
| 300 | _a(18p.): ill. | ||
| 650 | _aDEVELOPMENT PARTNERSHIPS IN HIGHER EDUCATION (DELPHE) | ||
| 710 | _aDepartment for International Development (DFID) | ||
| 995 |
_FCBU-MAIN LIBRARY (Kitwe) _M1 _UAVAILABLE _WAug 29, 2012 _ZInternational Publications |
||
| 999 |
_c40025 _d40025 |
||